[Event "ch-Frankfurt A"]
[White "Shanawaz Thabrez, Shahzaib"]
[Black "Hofmann-Weippert, Matthias"]
[Site "Frankfurt"]
[PlyCount "200"]
[Result "1-0"]
[Round "2.29"]
[WhiteElo "1761"]
[BlackElo "1526"]
[Date "2024.05.07"]
[WhiteTeam "SK Langen"]
[BlackTeam "Sfr.Mainz 1928"]

1. e4 e5 2. Nf3 Nc6 3. Bc4 Be7 4. d3 d6 5. Be3 Nf6 6. Nc3 O-O 7. Qd2 Ng4 8. O-O-O 
Nxe3 9. fxe3 Na5 10. Bb3 Nxb3+ 11. axb3 c5 12. h4 h5 13. Rdf1 Be6 14. Qe2 Bg4 15. 
Qf2 Qd7 16. Nd5 Rae8 17. d4 Bd8 18. dxe5 dxe5 19. Rd1 Qc6 20. Nc3 Bc7 21. Rd2 Rd8 
22. Nd5 Rfe8 23. Ng5 f6 24. Nf3 Ba5 25. c3 Qe6 26. Nh2 f5 27. Nxg4 fxg4 28. Rhd1 
Kh8 29. Qe2 Qc8 30. Qb5 Bb6 31. Nxb6 axb6 32. Qxb6 Rxd2 33. Rxd2 Qc6 34. Qxc6 bxc6 
35. Rd6 Rf8 36. Rxc6 Rf2 37. Rxc5 Rxg2 38. Rxe5  1-0

[Event "ch-Frankfurt A"]
[White "Mayer, Rolf"]
[Black "Nabuuma, Rakhshanah"]
[Site "Frankfurt"]
[PlyCount "200"]
[Result "1/2-1/2"]
[Round "2.30"]
[WhiteElo "1743"]
[BlackElo "1680"]
[Date "2024.05.07"]
[WhiteTeam "SC Flörsheim 1921"]
[BlackTeam "vereinslos"]

1. d4 Nf6 2. Bf4 g6 3. e3 Bg7 4. Nf3 d6 5. Be2 Bg4 6. h3 Bxf3 7. Bxf3 d5 8. Nd2 Nc6 
9. c4 e6 10. cxd5 exd5 11. Rc1 O-O 12. a3 Ne8 13. Qb3 Ne7 14. Qxb7 c6 15. b4 Nd6 
16. Qa6 Qd7 17. Nb3 Rfb8 18. Nc5 Qc7 19. O-O Rb6 20. Qa4 Qd8 21. Rc2 Rb5 22. Rfc1 
a5 23. Qb3 axb4 24. axb4 Nb7 25. Nxb7 Rxb7 26. Qc3 Rb6 27. Qc5 Nf5 28. Bg4 Bf8 29. 
Bg5 Qb8 30. Qc3 Bxb4 31. Qd3 Ba3 32. Rf1 Ng7 33. Qe2 Bd6 34. Rfc1 Qb7 35. Qf3 Ra1 
36. e4 Rxc1+ 37. Rxc1 dxe4 38. Qxe4 f5 39. Bxf5 gxf5 40. Qd3 Qd7 41. Qc4+ Qe6 42. 
Qa4 c5 43. dxc5 Bxc5 44. Rxc5 Rb1+ 45. Rc1 Rxc1+ 46. Bxc1 Qe1+ 47. Kh2 Qxc1 48. 
Qa8+ Kf7 49. Qd5+ Kf6 50. Qd8+ Kg6 51. Qd6+ Kf7 52. Qd7+ Kf6 53. Qd8+ Ke5 54. Qe7+ 
Ne6 55. Qxh7 Qf4+ 56. Kg1 Qg5 57. Qh8+ Kd5 58. Qa8+ Kd4 59. Qa7+ Ke5 60. Qb8+ Kf6 
61. Qh8+ Qg7 62. Qxg7+ Nxg7 63. g3 Nh5 64. g4 fxg4 65. hxg4  1/2-1/2

[Event "ch-Frankfurt A"]
[White "Tews, Artur"]
[Black "Leichum, Engelbert"]
[Site "Frankfurt"]
[PlyCount "200"]
[Result "1-0"]
[Round "2.31"]
[WhiteElo "1672"]
[BlackElo "1508"]
[Date "2024.05.07"]
[WhiteTeam "SK 1959 Bischofsheim"]
[BlackTeam "vereinslos"]

1. c4 Nf6 2. Nc3 e5 3. e4 d6 4. h3 c6 5. g3 Be7 6. Bg2 Nbd7 7. Nge2 Nc5 8. d3 h5 
9. b4 Ne6 10. O-O Bd7 11. Rb1 Nd4 12. Nxd4 exd4 13. Ne2 Qc8 14. Nxd4 Bxh3 15. Bf4 
Bxg2 16. Kxg2 h4 17. Rh1 h3+ 18. Kf1 Ng4 19. f3 Nf6 20. Nf5 Bf8 21. Bxd6 g6 22. 
Bxf8 Kxf8 23. Nd6 Ne8 24. Nxc8  1-0

[Event "ch-Frankfurt A"]
[White "Bartsch, Marius, Dr."]
[Black "Münstermann, Matthias"]
[Site "Frankfurt"]
[PlyCount "200"]
[Result "1/2-1/2"]
[Round "2.32"]
[WhiteElo "1750"]
[BlackElo "1787"]
[Date "2024.05.07"]
[WhiteTeam "Wiesbadener SV 1885"]
[BlackTeam "SK Langen"]

1. e4 c5 2. Nf3 Nc6 3. d3 d6 4. g3 Nf6 5. Bg2 e5 6. O-O Bg4 7. h3 Bd7 8. c3 Be7 9. 
a3 a5 10. a4 O-O 11. Na3 Qc8 12. Kh2 h6 13. Nd2 Nh7 14. Ndc4 Qd8 15. Nb5 Be6 16. 
Ne3 Na7 17. Nd5 Nxb5 18. axb5 Nf6 19. Bd2 Nxd5 20. exd5 Bd7 21. c4 Bg5 22. f4 exf4 
23. Bxf4 Bxf4 24. Rxf4 Qe7 25. d4  1/2-1/2

[Event "ch-Frankfurt A"]
[White "Kluge, Joscha"]
[Black "Kuckel, Michael, Dr."]
[Site "Frankfurt"]
[PlyCount "200"]
[Result "0-1"]
[Round "2.33"]
[WhiteElo "1704"]
[BlackElo "1720"]
[Date "2024.05.07"]
[WhiteTeam "SC Bergen-Enkheim 1922"]
[BlackTeam "SC Matt im Park Ffm"]

1. e4 c6 2. d4 d5 3. Nd2 dxe4 4. Nxe4 Bf5 5. Ng3 Bg6 6. Nf3 Nd7 7. h4 h6 8. h5 Bh7 
9. Bd3 Bxd3 10. Qxd3 e6 11. Bf4 Ngf6 12. c4 Be7 13. O-O-O Qa5 14. Kb1 O-O 15. Ne4 
Nxe4 16. Qxe4 Nf6 17. Qe2 Qf5+ 18. Qd3 Qxf4 19. g3 Qe4 20. Ne5 Rad8 21. f3 Qxd3+ 
22. Rxd3 c5 23. dxc5 Bxc5 24. g4 Rxd3 25. Nxd3 Be7 26. Kc2 Rd8 27. Re1 Nd7 28. b4 
Kf8 29. a3  0-1

[Event "ch-Frankfurt A"]
[White "Teichmann, Martin"]
[Black "Staeger, Tim"]
[Site "Frankfurt"]
[PlyCount "200"]
[Result "0-1"]
[Round "2.34"]
[WhiteElo "1329"]
[BlackElo "1639"]
[Date "2024.05.07"]
[WhiteTeam "SC 1922 Ketsch"]
[BlackTeam "SF Frankfurt 1921"]

1. d4 d5 2. Bf4 Nf6 3. e3 e6 4. Bd3 Bd6 5. Bg3 O-O 6. Nf3 c5 7. c3 cxd4 8. exd4 Nc6 
9. Ne5 Qc7 10. f4 Ne4 11. Nd2 f6 12. Nxe4 dxe4 13. Nxc6 exd3 14. Nb4 Bxb4 15. cxb4 
Qc4 16. Qd2 Qxd4 17. Bf2 Qe4+ 18. Be3 b6 19. O-O Bb7 20. Rfe1 Qd5 21. Rac1 Rac8 
22. b3 e5 23. Qf2 exf4 24. Bxf4 Rfe8 25. Bd2 Rxc1 26. Rxc1 Re2  0-1

[Event "ch-Frankfurt A"]
[White "Döhne, Vincent"]
[Black "Bernhardt, Winfried"]
[Site "Frankfurt"]
[PlyCount "200"]
[Result "1-0"]
[Round "2.35"]
[WhiteElo "1623"]
[BlackElo "1364"]
[Date "2024.05.07"]
[WhiteTeam "SC 1979 Hattersheim"]
[BlackTeam "SV 1997 Nauheim"]

1. d4 d5 2. Nf3 Nc6 3. Bf4 Nf6 4. c3 e6 5. e3 a6 6. Bd3 h6 7. h3 Be7 8. O-O Nd7 9. 
e4 Nf6 10. Nbd2 dxe4 11. Nxe4 Nxe4 12. Bxe4 Qd7 13. Qb3 Bd6 14. Ne5 Nxe5 15. dxe5 
Be7 16. Bxb7 Bxb7 17. Qxb7 Qc8 18. Qc6+ Kf8 19. Rfd1 a5 20. Rd7 Ra7 21. Rxe7 g5 
22. Be3 Rb7 23. Bc5 Kg7 24. Qf3 Rf8 25. Qf6+ Kh7 26. Rxf7+ Rxf7 27. Qxf7+ Kh8 28. 
Be7 Qg8 29. Bf6+  1-0

[Event "ch-Frankfurt A"]
[White "Zeyen, Helmut"]
[Black "Hudobec, Nicolas"]
[Site "Frankfurt"]
[PlyCount "200"]
[Result "0-1"]
[Round "2.36"]
[WhiteElo "1845"]
[BlackElo "1362"]
[Date "2024.05.07"]
[WhiteTeam "Wiesbadener SV 1885"]
[BlackTeam "SC Eschbach im Usinger Land"]

1. e4 c5 2. Nc3 Nc6 3. f4 e6 4. Bb5 a6 5. Bxc6 bxc6 6. Nf3 Nf6 7. d3 Be7 8. O-O O-O 
9. b3 d5 10. e5 Ng4 11. h3 Nh6 12. g4 Qa5 13. Bd2 Qc7 14. Qe1 f6 15. Ne2 Bd7 16. 
Ba5 Qb8 17. Bc3 d4 18. Bd2 Nf7 19. exf6 Bxf6 20. Ng3 Be7 21. Ne4 Qc7 22. Qg3 Rac8 
23. g5 Nd6 24. Nxd6 Bxd6 25. Ne5 Rf5 26. Rae1 Rcf8 27. Nxd7 Qxd7 28. Rf3 Qe7 29. 
h4 e5 30. Re4 Qc7 31. Qg4 Qc8 32. Kg2 Qe8 33. h5 Qe6 34. Qg3 h6 35. g6 Rxh5 36. 
Kf2 Rhf5 37. Ke1 R8f6 38. fxe5 Rxe5 39. Qh4 Be7  0-1

[Event "ch-Frankfurt A"]
[White "Sonntag, Chris"]
[Black "Börsch, Dieter"]
[Site "Frankfurt"]
[PlyCount "200"]
[Result "1-0"]
[Round "2.37"]
[WhiteElo "1285"]
[BlackElo "1764"]
[Date "2024.05.07"]
[WhiteTeam "SK 1959 Bischofsheim"]
[BlackTeam "SK Bad Homburg 1927"]

1. d4 Nf6 2. Bf4 e6 3. Nf3 c5 4. e3 cxd4 5. exd4 Nc6 6. c3 Be7 7. Nbd2 O-O 8. Bd3 
d5 9. Ne5 Ne8 10. Qc2 f5 11. h3 Bd7 12. Ndf3 Rc8 13. Qb3 Nd6 14. O-O Na5 15. Qc2 
Bb5 16. Bxb5 Nxb5 17. Qe2 Nd6 18. Nd2 Ne4 19. f3 Nxd2 20. Bxd2 Nc6 21. g3 Bf6 22. 
Nd3 Qe7 23. Rae1 Rfe8 24. Nc5 b6 25. Qxe6+ Qxe6 26. Nxe6 Kf7 27. Nf4 Red8 28. Nd3 
Na5 29. h4 Nc4 30. Bg5 Bxg5 31. hxg5 Kg6 32. f4 Nd2 33. Ne5+  1-0

[Event "ch-Frankfurt A"]
[White "Gärtner, Peter"]
[Black "Stulken, Dietmar"]
[Site "Frankfurt"]
[PlyCount "200"]
[Result "1-0"]
[Round "2.38"]
[WhiteElo "1764"]
[BlackElo "1306"]
[Date "2024.05.07"]
[WhiteTeam "Sfr.Mainz 1928"]
[BlackTeam "SF Frankfurt 1921"]

1. d4 d5 2. Nf3 Nf6 3. e3 e6 4. Nbd2 Bd6 5. Bd3 Nbd7 6. b3 e5 7. dxe5 Nxe5 8. Nxe5 
Bxe5 9. Rb1 O-O 10. h3 c5 11. O-O a6 12. c4 d4 13. Nf3 Bc7 14. exd4 cxd4 15. Qc2 
g6 16. Bb2 Qd6 17. Bxd4 Qd8 18. Rbd1 Nh5 19. Bc5 Bd6 20. Be3 Qc7 21. c5 Bf4 22. 
Bd4 f6 23. Bxg6 Qg7 24. Bf5 Bxf5 25. Qxf5 Qg6 26. Qxg6+ hxg6 27. g3 Bc7 28. b4 Rae8 
29. Rfe1 f5 30. Rxe8 Rxe8 31. Re1 Rxe1+ 32. Nxe1 Kf7 33. Kg2 Ke6 34. Kf3 Kd5 35. 
Bc3 Kc4 36. Bd2 Nf6 37. Ke2 Nd5 38. Nc2 Be5 39. Ne3+ Nxe3 40. Bxe3 Kxb4 41. Kd3 
Ka3 42. f4 Bf6 43. Bd4 Bxd4 44. Kxd4 a5 45. Kc3 Kxa2 46. g4 fxg4 47. hxg4 a4 48. 
Kc2 Ka1 49. f5 gxf5 50. gxf5 a3 51. f6 a2 52. f7 b6 53. f8Q bxc5 54. Qf1#  1-0

[Event "ch-Frankfurt A"]
[White "Hafner, Hans-Peter"]
[Black "Landvoigt, Martin"]
[Site "Frankfurt"]
[PlyCount "200"]
[Result "0-1"]
[Round "2.39"]
[WhiteElo "1494"]
[BlackElo "1593"]
[Date "2024.05.07"]
[WhiteTeam "Sfr.Mainz 1928"]
[BlackTeam "vereinslos"]

1. e4 d5 2. exd5 Qxd5 3. Nc3 Qe6+ 4. Be2 Nc6 5. d4 Qd7 6. Bb5 a6 7. Ba4 b5 8. Bb3 
e6 9. Nf3 Nf6 10. a3 Be7 11. O-O O-O 12. Re1 Rd8 13. Ne2 Bb7 14. Qd3 Nd5 15. c3 
Bf6 16. Bc2 g6 17. Bh6 Bg7 18. Bxg7 Kxg7 19. Ng3 Nce7 20. Ne5 Qe8 21. Nh5+ Kh8 22. 
Nf6 Nxf6 23. Re3 c5 24. Rh3 Kg7 25. Qe3 Neg8 26. dxc5 Rdc8 27. Kf1 Nd5 28. Qd4 f6 
29. Ng4 e5 30. Qd3 Nf4 31. Qd6 Bxg2+ 32. Ke1 Bxh3 33. Ne3 Rc6 34. Qd2 Rd8 35. Qc1 
Rxc5 36. Bb3 Ng2+ 37. Nxg2 Bxg2 38. Qe3 Rc6 39. Qa7+ Rd7 40. Qe3 Rcd6 41. Qg3 Bd5 
42. Bc2 Bc4 43. b3 Bd3 44. Bd1 Bf5 45. Be2 Qc8 46. h4 Qc5 47. h5 g5 48. Qh2 Qxc3+ 
 0-1

[Event "ch-Frankfurt A"]
[White "Dolidze, David"]
[Black "Fredershausen, Kurt"]
[Site "Frankfurt"]
[PlyCount "200"]
[Result "1-0"]
[Round "2.40"]
[WhiteElo "1593"]
[BlackElo "1030"]
[Date "2024.05.07"]
[WhiteTeam "SC Eschborn 1974"]
[BlackTeam "SC Bad Soden"]

1. e4 e5 2. Nf3 Nf6 3. Nxe5 d6 4. Nf3 Nxe4 5. Nc3 Nf6 6. d4 d5 7. Bd3 Bg4 8. O-O 
Be6 9. Re1 c6 10. Bf4 Bd6 11. Bxd6 Qxd6 12. Ne2 Nbd7 13. Ng3 O-O-O 14. c3 Bg4 15. 
h3 Bxf3 16. Qxf3 g6 17. Re3 Rhe8 18. Rae1 Re6 19. b4 Rde8 20. a4 a6 21. a5 h5 22. 
Nf1 g5 23. Rxe6 fxe6 24. Qg3 Qxg3 25. Nxg3 Kd8 26. Bg6 Re7 27. Nxh5 Nxh5 28. Bxh5 
e5 29. Bg4 Nf6 30. Rxe5 Ne4 31. Rxe7 Kxe7 32. Kf1 Nxc3 33. Bc8 Nb5 34. Bxb7 Nxd4 
35. Bxa6 Kd6 36. Bd3 c5 37. bxc5+ Kxc5 38. a6 Kb6 39. f3 Ne6 40. g3 d4 41. Kf2 Nc5 
42. Bc4 d3 43. Ke3 Ka7 44. Bxd3 Nxd3 45. Kxd3 Kxa6 46. h4 gxh4 47. gxh4 Kb6 48. 
h5  1-0